Logo BPK

Biblioteka

Politechniki Koszalińskiej

Across culture (Rekord nr 41171)

Szczegóły MARC
000 -ETYKIETA REKORDU
podpole kontrolne o stałej długości 00725nim a2200241 i 4500
001 - NUMER KONTROLNY REKORDU
pole kontrolne bg
020 ## - MIĘDZYNARODOWY ZNORMALIZOWANY NUMER KSIĄŻKI - ISBN
ISBN 0582817994
040 ## - ŹRÓDŁO KATALOGOWANIA
Instytucja, która utworzyła rekord BPK
041 0# - KOD JĘZYKA
Kod języka tekstu eng
044 ## - KOD KRAJU WYDAWCY/PRODUCENTA
Kod kraju wydawcy/producenta GBR
080 ## - UNIWERSALNA KLASYFIKACJA DZIESIĘTNA - UKD
UKD 811.111(075)(0.034.42)
008 - POLE O STAŁEJ DŁUGOŚCI - DANE KONTROLNE
podpole kontrolne o stałej długości s pl f |000 0 pol
100 1# - NAZWA OSOBOWA
Nazwa osobowa Sharman, Elizabeth.
245 00 - TYTUŁ/ODPOWIEDZIALNOŚĆ
Tytuł Across culture
Ciąg dalszy tytułu student's CD.
Typ dokumentu [Dok. dźw.] :
260 ## - STREFA ADRESU WYDAWNICZEGO
Miejsce wydania Harlow, England :
Nazwa wydawcy/dystrybutora Pearson Education :
-- Longman,
Data publikacji, dystrybucji/powstania dokumentu cop. 2004.
300 ## - STREFA OPISU FIZYCZNEGO
Objętość 1 dysk optyczny (CD-ROM) :
Inne cechy fizyczne dźw. ;
Rozmiary 12 cm.
500 ## - UWAGI OGÓLNE
Tekst uwagi Tyt. z etykiety na dysku.
500 ## - UWAGI OGÓLNE
Tekst uwagi Audio CD do podręcznika : Across cultures / Elizabeth Sharman.
650 #9 - HASŁO PRZEDMIOTOWE W FORMIE NAZWY OGÓLNEJ LUB JEDNOSTKOWEJ
Nazwa ogólna lub geograficzna Język angielski
655 ## - TERMIN INDEKSOWY - OKREŚLENIE RODZAJU/FORMY DOKUMENTU
Określenie rodzaju/formy dokumentu Podręczniki
655 ## - TERMIN INDEKSOWY - OKREŚLENIE RODZAJU/FORMY DOKUMENTU
Określenie rodzaju/formy dokumentu Dokumenty dźwiękowe
942 ## - DODATKOWE ELEMENTY (KOHA)
Typ dokumentu Płyta CD
Egzemplarze
Wycofany Status egzemplarza Uszkodzony Dostępność Lokalizacja stała Lokalizacja bieżąca Miejsce przechowywania Sygnatura Kod kreskowy Typ dokumentu
      Dostępny Biblioteka Politechniki Koszalińskiej Biblioteka Politechniki Koszalińskiej Wypożyczalnia BG CD 1493 02204048 Płyta CD
© 2023 Biblioteka Politechniki Koszalińskiej :: KOHA